000 00838nam a2200193Ia 4500
003 BUBTL
008 151213s9999 xx 000 0 und d
082 _a340.54/ P2743r/ 2005
100 _aড. এ. বি. এম মফিজুল ইসলাম পাটোয়ারী
_94779
245 _aরোমান আইনের মূলনীতি :
_cড. এ. বি. এম মফিজুল ইসলাম পাটোয়ারী
250 _a৩য় সং
260 _aঢাকা
_bমল্লিকা পাবলিশিং হাউজ
_cc2005
300 _a271p. :
_b21 cm
650 _aLaw
700 _aড. এ. বি. এম মফিজুল ইসলাম পাটোয়ারী
_94779
856 _k0
_l0
_yDownload
942 _2ddc
_cBK
999 _c2516
_d2516